书目信息 |
| 题名: |
中国与全球气候治理机制的变迁
|
|
| 作者: | 薄燕 , 高翔 著 | |
| 分册: | ||
| 出版信息: | 上海 上海人民出版社 2017 |
|
| 页数: | 303页 | |
| 开本: | 23cm | |
| 丛书名: | 中国与全球治理丛书 | |
| 单 册: | ||
| 中图分类: | P467 | |
| 科图分类: | ||
| 主题词: | 气候变化--治理--研究--中国 , 气候变化--治理--国际合作--研究 | |
| 电子资源: | ||
| ISBN: | 978-7-208-14901-4 | |
| 000 | 01175oam2 2200277 450 | |
| 001 | 4608 | |
| 005 | 20181012141124.78 | |
| 010 | @a978-7-208-14901-4@dCNY68.00 | |
| 100 | @a20180217d2017 em y0chiy50 ea | |
| 101 | 0 | @achi |
| 102 | @aCN@b310000 | |
| 105 | @ay z 000yy | |
| 200 | 1 | @a中国与全球气候治理机制的变迁@9zhong guo yu quan qiu qi hou zhi li ji zhi de bian qian@f薄燕,高翔著 |
| 210 | @a上海@c上海人民出版社@d2017 | |
| 215 | @a303页@d23cm | |
| 225 | 1 | @a中国与全球治理丛书 |
| 300 | @a得到教育部人文社会科学研究一般项目、上海市哲学社会科学规划课题、教育部哲学社会科学研究重大课题攻关项目的资助 由上海文化发展基金会图书出版专项基金资助出版 | |
| 330 | @a本书在确立和运用新的分析框架的基础上,试图描述和解释全球气候治理机制的变迁,尤其是自2011年以来出现的新发展和新变化,着重分析中国在这个过程中的新行为及其背后的影响因素,为中国深度参与全球气候治理机制提供学理解释和政策建议。 | |
| 461 | 0 | @12001 @a中国与全球治理丛书 |
| 606 | 0 | @a气候变化@x治理@x研究@y中国 |
| 606 | 0 | @a气候变化@x治理@x国际合作@x研究 |
| 690 | @aP467@v5 | |
| 701 | 0 | @a薄燕@9bo yan@4著 |
| 701 | 0 | @a高翔@9gao xiang@4著 |
| 801 | 0 | @aCN@b91MARC@c20180217 |
| 905 | @aMuseLib@dP467@e128 | |
| 中国与全球气候治理机制的变迁/薄燕,高翔著.-上海:上海人民出版社,2017 |
| 303页;23cm.-(中国与全球治理丛书) |
| 得到教育部人文社会科学研究一般项目、上海市哲学社会科学规划课题、教育部哲学社会科学研究重大课题攻关项目的资助 由上海文化发展基金会图书出版专项基金资助出版 |
| ISBN 978-7-208-14901-4:CNY68.00 |
| 本书在确立和运用新的分析框架的基础上,试图描述和解释全球气候治理机制的变迁,尤其是自2011年以来出现的新发展和新变化,着重分析中国在这个过程中的新行为及其背后的影响因素,为中国深度参与全球气候治理机制提供学理解释和政策建议。 |
| ● |
| 相关链接 |
|
|
|
|
正题名:中国与全球气候治理机制的变迁
索取号:P467/128
 
预约/预借
| 序号 | 登录号 | 条形码 | 馆藏地/架位号 | 状态 | 备注 |
| 1 | 1125951 | 211259519 | 第二样本阅览室/ [索取号:P467/128] | 在馆 | |
| 2 | 1125952 | 211259528 | 密集书库-资源管理系/ [索取号:P467/128] | 在馆 | |
| 3 | 1125953 | 211259537 | 第三借阅区/ [索取号:P467/128] | 在馆 | |
| 4 | 1125954 | 211259546 | 第三借阅区/ [索取号:P467/128] | 在馆 | |
| 5 | 1125955 | 211259555 | 第三借阅区/ [索取号:P467/128] | 在馆 |